| 000 | 01623nam a2200325 4500 | ||
|---|---|---|---|
| 001 | 183 | ||
| 003 | OSt | ||
| 005 | 20250528074014.0 | ||
| 008 | 250131b |||||||g |||| 00| 1 eng d | ||
| 020 | _a8501020699 | ||
| 040 | _bpor | ||
| 041 |
_heng _apor |
||
| 082 |
_a813 _bD133c |
||
| 100 | 1 |
_aDailey, Janet, _d1944-2013 _9339 |
|
| 240 | _aTouch the wind | ||
| 245 |
_aA carícia do vento / _cDailey, Janet ;Tradução de Isabel Paquet de Araripe |
||
| 250 | _a8° edição | ||
| 260 |
_aRio de Janeiro _bRecord _c1997 |
||
| 300 | _a298 p. | ||
| 520 | _aLivro que marcou a estreia de Janet Dailey na lista dos mais vendidos do The New York Times, A carícia do vento consagrou a autora como uma das maiores romancistas do gênero. A protagonista é a jovem milionária Sheila Rogers, bela, impulsiva e mimada que vivia em Austin, no Texas. Sheila contraria as expectativas de seus pais e foge para Juarez, no México, com Brad Townsend, um homem bonito e envolvente, mas que nada mais era senão um caça-dotes. A lua de mel do casal converte-se num verdadeiro inferno quando seu marido é brutalmente assassinado e ela é sequestrada e levada por um bando de pistoleiros para um esconderijo nas montanhas. É ali que Sheila conhece Ráfaga, homem corajoso e idealista, e logo o ódio se transforma numa paixão arrebatadora. | ||
| 650 | 0 |
_aLiteratura Americana _984 |
|
| 650 | 0 |
_aAmor e Paixão _925 |
|
| 650 | 0 |
_aAção _964 |
|
| 650 | 0 |
_aFaroeste _9340 |
|
| 650 | 0 |
_aFilme _926 |
|
| 655 | 0 |
_aRomance _923 |
|
| 655 | 0 |
_aFicção _922 |
|
| 700 |
_aIsabel Paquet de Araripe _eTradução _9341 |
||
| 942 |
_2ddc _n0 _cBK |
||
| 999 |
_c183 _d183 |
||